| 000 | 01209nam a2200229Ia 4500 | ||
|---|---|---|---|
| 999 |
_c48583 _d48583 |
||
| 001 | 15482 | ||
| 003 | GE_BSU | ||
| 005 | 20241127164102.0 | ||
| 008 | 181216s2015||||ge |||||||||||||| ||geo|| | ||
| 040 | _cGE_BSU | ||
| 041 | _ageo | ||
| 080 | _a54(479.22)(092) შ-19 | ||
| 245 |
_aშალვა ცინცაძე : _bგამოჩენილი ქართველი მეცნიერი / _cგ. ცინცაძე, ნ. მგელაძე, რ. მოლოდინი, რ. ჩაგუნავა ; რედ. გ. სუპატაშვილი. |
||
| 264 |
_aთბილისი : _bბეჭდვითი სიტყვის კომბინატი, _c2015. |
||
| 300 |
_a135 გვ. ; _c22 სმ. |
||
| 653 | _aშალვა ცინცაძე : გამოჩენილი ქართველი მეცნიერი | ||
| 700 |
_aმგელაძე, ნ. _eავტორი _923803 |
||
| 700 |
_aმოლოდიინ, რ. _eავტორი _923804 |
||
| 700 |
_aჩაგუნავა, რ. _eავტორი _913439 |
||
| 700 |
_aსუპატაშვილი, გ. _eრედაქტორი _923805 |
||
| 942 |
_cBK _2udc |
||